Statistics for X-Men Enemies

Click here to take the quiz!

General Stats

  • This quiz has been taken 749 times
  • The average score is 9 of 15

Answer Stats

HintAnswer% Correct
Professor Xavier's militant ex-partnerMagneto
99%
Blue shapeshifterMystique
96%
"I'm the ______, Bitch!"Juggernaut
87%
FirestarterPyro
84%
The world's first mutant, from Ancient EgyptApocalypse
83%
Wolverine's healing factor enabled arch nemesisSabretooth
74%
Founder of the Hellfire ClubSebastian Shaw
61%
Large and in chargeBlob
59%
Creator of the SentinelsBolivar Trask
57%
Alien that runs a Television networkMojo
41%
He creates games and the X-Men play inside themArcade
39%
Alien race of parasitic and insectoid beingsBrood
32%
Clone of Jean Grey, of the aforementioned Hellfire ClubMadeline Pryor
29%
A living islandKrakoa
27%
Leader of the AcolytesFabian Cortez
13%

Score Distribution

Percentile by Number Answered

Percent of People with Each Score

Your Score History

You have not taken this quiz